000 00281nam a2200121 a 4500
008 110105s1972|||| d
245 1 0 _aV. I. Lenin o obchode
100 1 _aGrigorjan, G. S.
260 _bPravda
_aBratislava
_c1972
020 _c5
044 _axo
_cSK
041 _aslo
999 _c15487
_d15487